Nonsampling error in surveys

Gardado en:
Detalles Bibliográficos
Main Authors: Lessler, Judith T (Author), Kalsbeek, William D (Author)
Formato: Libro
Idioma:inglés
Publicado: Nueva York John Wiley 1992
Series:Wiley series in probability and mathematical statistics
Subjects:
Tags: Engadir etiqueta
Sen Etiquetas, Sexa o primeiro en etiquetar este rexistro!

MARC

LEADER 00000nam a2200000 a 4500
001 UCW1726
003 CL-VaPUC
008 930311e19920000US |||||||||||||||||eng|d
082 0 4 |a 511.43  |b LES  |2 21 
100 0 |a Lessler, Judith T  |e author  |9 305787 
700 0 |a Kalsbeek, William D  |e author  |9 305788 
245 1 0 |a Nonsampling error in surveys 
300 |a 412 p 
942 |c BK 
945 |d 19930311 00:00:00 
260 |a Nueva York  |b John Wiley  |c 1992 
650 0 |a Análisis de error   |x Matemáticas  |9 265863 
650 0 |a Encuestas   |9 259666 
583 |a last modification  |c 19930311 00:00:00  |k Rodrigo Vera 
490 0 |a Wiley series in probability and mathematical statistics 
999 |c 216568  |d 216566 
952 |0 0  |1 0  |4 0  |6 511_430000000000000_LES_1992  |7 0  |8 A  |9 202376  |a BIBMAT  |b BIBMAT  |d 2019-11-14  |i 2694840  |o 511.43 LES 1992  |p 2694840  |r 2025-01-07  |w 2019-11-14  |y BK  |k MAT 
952 |0 0  |1 0  |4 0  |6 511_430000000000000_LES_1992  |7 0  |8 A  |9 202377  |a BIBGIM  |b BIBGIM  |d 2019-11-14  |i 3321932  |o 511.43 LES 1992  |p 3321932  |r 2025-01-15  |w 2019-11-14  |y BK  |k EST